[Event "Steinfurt Bezirksklasse 1617"]
[Site "Germany"]
[Date "2017.04.08"]
[Round "8.3"]
[White "Boerger, Andreas1111"]
[Black "Ortmeier, Peter"]
[Result "1/2-1/2"]
[WhiteElo "1647"]
[BlackElo "1594"]
[PlyCount "78"]
[EventDate "2016.09.17"]
[EventType "team"]
[EventRounds "10"]
[EventCountry "GER"]
[SourceTitle "EXT 2018"]
[Source "ChessBase"]
[SourceDate "2017.10.13"]
[SourceVersion "1"]
[SourceVersionDate "2017.10.13"]
[SourceQuality "1"]
[WhiteTeam "Reckenfeld II"]
[BlackTeam "Emsdetten Rochade VI"]
[WhiteTeamCountry "GER"]
[BlackTeamCountry "GER"]

1. d4 Nf6 2. c4 g6 3. Nc3 Bg7 4. e4 d6 5. Bd3 0-0 6. f3 c6 7. Nge2 e5 8. d5 cxd5 9. cxd5 Nbd7 10. Be3 Nb6 11. 0-0 Bd7 12. Rc1 Rc8 13. b3 Ne8 14. Bb5 a6 15. Bxd7 Nxd7 16. Na4 Rxc1 17. Nxc1 f5 18. Nd3 Nef6 19. Nc3 Qc7 20. Qd2 fxe4 21. fxe4 Ng4 22. Rxf8+ Bxf8 23. Bg5 Bh6 24. Bxh6 Nxh6 25. h3 Nf7 26. Nd1 Qb6+ 27. Kf1 Qd4 28. Qe3 Qxe3 29. Nxe3 Ng5 30. Nf2 Nc5 31. Ke2 Ngxe4 32. Nxe4 Nxe4 33. Kd3 Nf6 34. Nc4 Ne8 35. a4 Kf7 36. g4 Ke7 37. g5 Nc7 38. Nb6 Kf7 39. Ke4 Ke7 1/2-1/2

[Event "Steinfurt Bezirksliga 1415"]
[Site "Germany"]
[Date "2014.12.20"]
[Round "5.8"]
[White "Ortmeier, Leonhard"]
[Black "Ortmeier, Peter"]
[Result "1-0"]
[WhiteElo "1779"]
[BlackElo "1643"]
[PlyCount "41"]
[EventDate "2014.09.06"]
[EventType "team-tourn"]
[EventRounds "9"]
[EventCountry "GER"]
[SourceTitle "EXT 2016"]
[Source "ChessBase"]
[SourceDate "2015.10.08"]
[SourceVersion "1"]
[SourceVersionDate "2015.10.08"]
[SourceQuality "1"]
[WhiteTeam "Emsdetten Turm III"]
[BlackTeam "Emsdetten Rochade III"]
[WhiteTeamCountry "GER"]
[BlackTeamCountry "GER"]

1. e4 b6 2. Nc3 Bb7 3. d4 e6 4. Bf4 Nf6 5. f3 Bb4 6. Bd3 Nc6 7. Nge2 Bxc3+ 8. bxc3 0-0 9. Bg5 h6 10. Bh4 g5 11. Bf2 d6 12. Qd2 Kg7 13. h4 Nh7 14. e5 f5 15. exf6+ Qxf6 16. Bxh7 g4 17. Be4 d5 18. Bd3 gxf3 19. gxf3 Qxf3 20. 0-0-0 Qxf2 21. Rhg1+ 1-0

[Event "Steinfurt Bezirksklasse 1415"]
[Site "Germany"]
[Date "2014.10.25"]
[Round "2.2"]
[White "Ortmeier, Peter"]
[Black "Roewekamp, Helmut"]
[Result "1-0"]
[WhiteElo "1632"]
[BlackElo "1651"]
[PlyCount "89"]
[EventDate "2014.09.20"]
[EventType "team-tourn"]
[EventRounds "9"]
[EventCountry "GER"]
[SourceTitle "EXT 2016"]
[Source "ChessBase"]
[SourceDate "2015.10.08"]
[SourceVersion "1"]
[SourceVersionDate "2015.10.08"]
[SourceQuality "1"]
[WhiteTeam "Emsdetten Rochade V"]
[BlackTeam "Reckenfeld II"]
[WhiteTeamCountry "GER"]
[BlackTeamCountry "GER"]

1. e4 e5 2. Nf3 Nc6 3. d4 exd4 4. Nxd4 Nxd4 5. Qxd4 d6 6. Nc3 Nf6 7. Bg5 Be7 8. 0-0-0 0-0 9. f3 Be6 10. Kb1 a6 11. h4 b5 12. Be2 c5 13. Qd2 Qa5 14. Nd5 Qd8 15. Nxe7+ Qxe7 16. Qxd6 Qxd6 17. Rxd6 Rfd8 18. Rxd8+ Rxd8 19. Bxf6 gxf6 20. Rd1 Rxd1+ 21. Bxd1 Kg7 22. a3 f5 23. exf5 Bxf5 24. g4 Be6 25. Kc1 Kf6 26. Kd2 h6 27. Ke3 Ke5 28. c3 a5 29. Be2 Bd7 30. f4+ Ke6 31. g5 hxg5 32. hxg5 Kf5 33. Bh5 Be6 34. Bf3 Bd7 35. Be4+ Ke6 36. b4 axb4 37. axb4 cxb4 38. cxb4 Kd6 39. Kd4 Be8 40. Bd5 Ke7 41. Ke5 Bd7 42. f5 Bc8 43. Bc6 Ba6 44. f6+ Kf8 45. Kd6 1-0

[Event "Steinfurt Bezirksklasse 1314"]
[Site "Germany"]
[Date "2014.04.05"]
[Round "7.1"]
[White "Menz, Robert"]
[Black "Ortmeier, Peter"]
[Result "1/2-1/2"]
[WhiteElo "1591"]
[BlackElo "1638"]
[PlyCount "39"]
[EventDate "2013.10.05"]
[EventType "team-tourn"]
[EventRounds "9"]
[EventCountry "GER"]
[SourceTitle "EXT 2015"]
[Source "ChessBase"]
[SourceDate "2014.11.20"]
[SourceVersion "1"]
[SourceVersionDate "2014.11.20"]
[SourceQuality "1"]
[WhiteTeam "Saerbeck III"]
[BlackTeam "Emsdetten Turm IV"]
[WhiteTeamCountry "GER"]
[BlackTeamCountry "GER"]

1. d4 d5 2. c4 e6 3. Nc3 Nf6 4. Bg5 Nbd7 5. cxd5 exd5 6. Nf3 Bb4 7. e3 c6 8. Bd3 Qa5 9. Bxf6 Nxf6 10. Qc2 h6 11. 0-0 0-0 12. a3 Bd6 13. h3 Re8 14. b4 Qc7 15. b5 Bd7 16. bxc6 bxc6 17. Rfc1 c5 18. dxc5 Qxc5 19. Qe2 Qa5 20. a4 1/2-1/2

[Event "Steinfurt Bezirksklasse 1314"]
[Site "Germany"]
[Date "2014.01.18"]
[Round "4.1"]
[White "Ortmeier, Peter"]
[Black "Bloem, Markus"]
[Result "1-0"]
[WhiteElo "1638"]
[BlackElo "1462"]
[PlyCount "107"]
[EventDate "2013.10.05"]
[EventType "team-tourn"]
[EventRounds "9"]
[EventCountry "GER"]
[SourceTitle "EXT 2015"]
[Source "ChessBase"]
[SourceDate "2014.11.20"]
[SourceVersion "1"]
[SourceVersionDate "2014.11.20"]
[SourceQuality "1"]
[WhiteTeam "Emsdetten Turm IV"]
[BlackTeam "Ibbenbueren III"]
[WhiteTeamCountry "GER"]
[BlackTeamCountry "GER"]

1. e4 e5 2. Nf3 Nc6 3. Bc4 Nf6 4. d3 Be7 5. c3 0-0 6. Bb3 d5 7. exd5 Nxd5 8. 0-0 Nf4 9. Bxf4 exf4 10. Re1 Bf5 11. d4 Qd7 12. Nbd2 Bf6 13. Ne4 Be7 14. Qd2 Na5 15. Qxf4 Bxe4 16. Qxe4 Bd6 17. Bc2 g6 18. Qd3 Nc6 19. Ng5 Kg7 20. Ne4 Rae8 21. Qf3 Qe7 22. Re3 Qd8 23. Rae1 Qh4 24. g3 Qd8 25. Ba4 a6 26. Bxc6 bxc6 27. Nxd6 Rxe3 28. Qxe3 cxd6 29. Qe7 Qb8 30. b3 Rd8 31. Re6 Kg8 32. Rf6 Rf8 33. Qxd6 Qe8 34. Qe5 Qd7 35. Rd6 Qg4 36. Rxc6 h5 37. Qf4 Qe2 38. Rc5 Re8 39. Re5 Qd1+ 40. Kg2 Rc8 41. Qe4 Qd2 42. Qe3 Qxa2 43. b4 Kg7 44. Qd3 Qb3 45. Rc5 Re8 46. Re5 Rc8 47. Re3 Qd5+ 48. Qe4 Qd7 49. d5 Kf8 50. Qe5 Kg8 51. Qd4 Qb5 52. Qe4 Kf8 53. d6 Re8 54. Qd4 1-0